Pokémon - Les attaques de Ptitard - Statistiques

Statistiques générales
  • Ce quiz a été pris 14 fois
  • Le résultat moyen est 7 sur 11
Statistiques - réponses
Niveaux Types Noms des attaques % Correct
Départ Eau Pistolet à O
100%
Niveau 18 Eau Bulles d'O
78%
Niveau 24 Eau Danse Pluie
78%
Niveau 42 Eau Hydrocanon
78%
Départ Psy Hypnose
78%
Niveau 12 Sol Tir de Boue
78%
Niveau 30 Normal Plaquage
56%
Niveau 54 Normal Damoclès
44%
Niveau 6 Normal Écras'Face
44%
Niveau 36 Sol Telluriforce
44%
Niveau 48 Normal Cognobidon
33%
Aucun quiz correspondant
Distribution des résultats
% des personnes avec chaque résultat
Percentile par nombre de réponses
Votre historique - résultats
Vous n’avez pas pris ce quiz